000 01112cam a2200241 i 4500
003 SA-RiAUC
005 20260205123528.0
008 260204s1979 su g r f00000 ara c
040 _aSA-JeALM
_bara
_cSA-RiAUC
_erda
043 _aa-su---
082 0 4 _a378.531025
090 _a378.531025
_bس ع و
110 1 _aالسعودية.
_bالرئاسة العامة للكليات والمعاهد العلمية
_eمؤلف.
245 1 0 _aدليل المعهد العالي للقضاء للعام الدراسي 1392-1393 هـ /
_cالرئاسة العامة للكليات والمعاهد العلمية.
264 1 _aالرياض :
_bالمعهد العالي للقضاء،
_c1979
300 _a56 صفحة
_c24 سم.
336 _aنص
_btxt
_2rdacontent
_3كتاب
337 _aبدون وسيط
_bn
_2rdamedia
610 2 7 _aجامعة الإمام محمد بن سعود الإسلامية.
_bالمعهد العالي للقضاء
_vأدلة
_2aucnm
650 7 _aالجامعات والكليات
_zالسعودية
_vأدلة
_2aucsh
942 _2ddc
_cBOOK
_n0
949 _aSA-JeALM
_d260204
_uosman123
_n1
999 _c14257
_d14257